Pays où l'on roule à gauche - Statistiques

Statistiques générales
  • Ce quiz a été pris 77 fois
    18 depuis la dernière actualisation
  • Le résultat moyen est 35 sur 53
Statistiques - réponses
Pays anglophone ? Réponse % Correct
Oui Afrique du sud
100%
Oui Australie
100%
Oui Royaume-Uni
100%
Oui Inde
93%
Non Indonesie
93%
Oui Irlande
93%
Non Japon
93%
Oui Kenya
87%
Oui Nouvelle-Zélande
87%
Oui Botswana
80%
Oui Namibie
80%
Oui Nauru
80%
Non Thaïlande
80%
Oui Zambie
80%
Oui Zimbabwe
80%
Non Bangladesh
73%
Oui Fidji
73%
Non Malaisie
73%
Non Pakistan
73%
Oui Samoa
73%
Oui Antigua-et-Barbuda
67%
Oui Lesotho
67%
Oui Papouasie-Nouvelle-Guinée
67%
Oui Singapour
67%
Oui Tanzanie
67%
Oui Trinité-et-Tobago
67%
Oui Tuvalu
67%
Oui Guyana
60%
Oui Ouganda
60%
Oui Sainte-Lucie
60%
Oui Seychelles
60%
Oui Swaziland
60%
Oui Tonga
60%
Oui Bahamas
53%
Non Bhoutan
53%
Non Brunei
53%
Oui Grenade
53%
Oui Jamaïque
53%
Non Maldives
53%
Non Mozambique
53%
Oui Saint-Christophe et Nieves
53%
Non Suriname
53%
Oui et Non Chypre
47%
Oui Dominique
47%
Oui Maurice
47%
Non Népal
47%
Oui Saint-Vincent et les Grenadines
47%
Non Timor Oriental
47%
Oui Kiribati
40%
Non Malte
40%
Non Sri lanka
40%
Oui Barbades
33%
Oui Malawi
33%
Aucun quiz correspondant
Distribution des résultats
% des personnes avec chaque résultat
Percentile par nombre de réponses
Votre historique - résultats
Vous n’avez pas pris ce quiz depuis la dernière actualisation